| 000 | 01417cam a2200325 a 4500 | ||
|---|---|---|---|
| 001 | 15752383 | ||
| 005 | 20091123133657.0 | ||
| 008 | 090527s2008 nyua 001 0 eng | ||
| 010 | _a 2009419510 | ||
| 020 | _a0071472878 | ||
| 020 | _a9780071472876 | ||
| 040 |
_aDLC _cDLC _dDLC |
||
| 050 | 0 | 0 |
_aTJ223.P76 _bP74 2008 |
| 082 | 0 | 0 |
_a629.895 _222 _bPRE |
| 100 | 1 |
_aPredko, Michael. _923307 |
|
| 245 | 1 | 0 |
_aProgramming and Customizing the PIC Microcontroller / _cMyke Predko. |
| 250 | _a3rd ed. | ||
| 260 |
_aNew York : _bMcGraw Hill, 2008 _cc2008. |
||
| 300 |
_axxiii,1263 p. : _bill. ; _c24 cm. |
||
| 500 | _aIncludes index. | ||
| 650 | 0 |
_aProgrammable controllers. _923308 |
|
| 650 | 0 |
_aMicrocontrollers. _923309 |
|
| 653 |
_bEle _cApril2011 |
||
| 856 | 4 | 2 |
_3Contributor biographical information _uhttp://www.loc.gov/catdir/enhancements/fy1002/2009419510-b.html |
| 856 | 4 | 2 |
_3Publisher description _uhttp://www.loc.gov/catdir/enhancements/fy1002/2009419510-d.html |
| 856 | 4 | 1 |
_3Table of contents only _uhttp://www.loc.gov/catdir/enhancements/fy1002/2009419510-t.html |
| 942 |
_2ddc _cBB |
||
| 999 |
_c15172 _d15172 |
||